German liberalism in the nineteenth century /

Bibliographic Details
Main Author: Sheehan, James J.
Format: Book
Language:English
Published: Chicago : University of Chicago Press, 1978.
Subjects:

MARC

Tag First Indicator Second Indicator Subfields
LEADER 00000cam a22000008i 4500
001 in00000611684
005 20151015052046.0
008 771128s1978 ilu b 00110 eng
010 |a  77025971  
020 |a 0226752070 
035 |a (OCoLC)03517099 
035 |9 ACT9979AM 
040 |a DLC  |c DLC  |d TXA  |d UtOrBLW 
043 |a e-gx--- 
049 |a TXAM  |c [976625] 
050 0 0 |a DD204  |b .S53 
082 0 |a 320.5/12/0943 
100 1 |a Sheehan, James J. 
245 1 0 |a German liberalism in the nineteenth century /  |c James J. Sheehan. 
264 1 |a Chicago :  |b University of Chicago Press,  |c 1978. 
300 |a 411 pages ;  |c 24 cm. 
336 |a text  |b txt  |2 rdacontent 
337 |a unmediated  |b n  |2 rdamedia 
338 |a volume  |b nc  |2 rdacarrier 
500 |a Includes index. 
504 |a Bibliography: pages [367]-398. 
650 0 |a Liberalism  |z Germany. 
651 0 |a Germany  |x Politics and government  |y 19th century. 
999 |a MARS 
999 f f |s 658e5056-1251-377e-b225-68503905afcf  |i 70afa292-8a8b-362b-b969-80074a0860dd  |t 0 
952 f f |p normal  |a Texas A&M University  |b College Station  |c Sterling C. Evans Library  |d Evans: Library Stacks  |t 0  |e DD204 .S53  |h Library of Congress classification  |i unmediated -- volume  |m A14801972663 
998 f f |a DD204 .S53  |t 0  |l Evans: Library Stacks